Vista normal Vista MARC

Entrada Nombre corporativo

Número de registros utilizados en: 256

001 - NÚMERO DE CONTROL

  • campo de control: 1901

003 - IDENTIFICADOR DE NÚMERO DE CONTROL

  • campo de control: OSt

005 - FECHA Y HORA DE LA ÚLTIMA TRANSACCIÓN

  • campo de control: 20230222191723.0

008 - ELEMENTOS DE DATO DE LONGITUD-FIJA

  • campo de control de longitud fija: 070601 n acnnnaaan n bnn d

040 ## - FUENTE DE CATALOGACIÓN

  • Centro catalogador/agencia de origen: OSt
  • Centro/agencia transcriptor: OSt

110 00 - ENCABEZAMIENTO-NOMBRE DE ENTIDAD CORPORATIVA

  • Nombre de entidad corporativa o nombre de jurisdicción como elemento de entrada: Ateneo de Madrid-
  • Subdivisión general: Actos culturales-
  • Subdivisión cronológica: 1986-
  • Subdivisión de forma: Fotografías